| 000 | 01150nac a22003497a 4500 | ||
|---|---|---|---|
| 001 | BR7902695 | ||
| 003 | BR-BrBNA | ||
| 005 | 20240105114428.0 | ||
| 008 | 230509b bl.|||m| |||| 00| 0 por d | ||
| 040 |
_aBR-BrBNA _bpor _cBiblioteca Nacional de Agricultura |
||
| 072 | _aL00; E15 | ||
| 090 | _a5212 BR7902695 | ||
| 100 | 1 | _aHomma, A.O. | |
| 100 | 1 | _aSa, F.T. de | |
| 100 | 1 | _aNascimento, C.N.B. do | |
| 100 | 1 | _aCarvalho, L.O.D. de M. | |
| 100 | 1 | _aMello Filho, B.M. | |
| 100 | 1 | _aMoreira, E.D. | |
| 100 | 1 | _aTeixeira, R.N.G. | |
| 110 | 1 | _aCentro de Pesquisa Agropecuaria do Tropico Umido, Belem, PA (Brasil) | |
| 245 | 1 | _aEstudo das caracteristicas e analises de alguns indicadores tecnicos e economicos da pecuaria no nordeste paraense [Brasil] | |
| 260 | 3 |
_aBelem, PA (Brasil): _c1978. |
|
| 300 | _a40 p. | ||
| 490 |
_aComunicado Tecnico - Centro de Pesquisa Agropecuaria do Tropico Umido (Brazil) _vno. 13 _x |
||
| 500 | _a7 ref.; 64 tables | ||
| 650 | _aMANEJO | ||
| 650 | _aPECUARIA | ||
| 650 | _aECONOMIA DA PRODUCAO | ||
| 650 | _aPARA | ||
| 909 |
_a202312 _bLúcia Elande _c55 _dLúcia Elande |
||
| 942 |
_2AGRIS _n0 _cMS |
||
| 999 |
_c269303 _d269303 |
||